=LDR 00000nam 2200000 4500 =001 INLIS000000000027333 =005 20130612125722 =008 ***********************************Ind** =035 ##$$0010-061300000027333 =041 ##$$a Ind =082 ##$$a 641.3 =090 ##$$a 641.3, Fat m =100 ##$$a Fatah,Memet Abdul =245 ##$$a Membut aneka manisan buah, Memet Abdul fatah,Yusuf Bachtiar =260 ##$$a 2004 $b Jakarta =300 ##$$a vi,86 hlm, ilus, 22 cm =650 ##$$a Buah-Manisan =700 ##$$a Bachtiar,Yusuf =850 ##$$a NBPNMAT